| 000 | 00443nam a2200169Ia 4500 | ||
|---|---|---|---|
| 003 | GCL | ||
| 008 | 140319s9999 xx 000 0 ara d | ||
| 040 |
_aGCL / _cGCL |
||
| 082 | 0 | 4 |
_aد _b050 |
| 100 | 1 | _aامينة السعيد | |
| 245 | 1 | 0 |
_aبايرون ( اقرا 15 ) / _cامينة السعيد |
| 300 | _a141 | ||
| 490 |
_aاقرأ _v0 |
||
| 650 | 0 | 4 | _aالشعراء - تراجم |
| 650 | 0 | 4 | _aجورج بايرون |
| 942 |
_2ddc _cBK |
||
| 999 |
_c48892 _d48892 |
||